Livre des directives et remarques /

محفوظ في:

المؤلف الرئيسي: Avicenna, 980-1037 (مؤلف)

مؤلفون آخرون: Goichon, A. M. 1894-1977.

التنسيق: كتاب

اللغة: French
Arabic

منشور في: Paris : J. Vrin, 1951.

سلاسل: Collection d'oeuvres arabes de l'UNESCO.

الموضوعات:

الوسوم: إضافة وسم

لا توجد وسوم, كن أول من يضع وسما على هذه التسجيلة!

رقم الطلب: B751 .K54 1951

LEADER 01060nam a2200301Ia 4500
001 7271
003 OSt
005 20250914114622.0
008 130303s1951 fr b 001 0 fre d
010 |a 70430770 
035 |a ocm01459196 
040 |c ARCE Library 
041 1 |a fre  |h ara 
050 4 |a B751 .K54 1951 
100 0 |a Avicenna,  |d 980-1037,  |e author  |9 25861 
240 1 0 |6 880-02  |a Ishārat wa-al-tanbīhat.  |l French 
245 1 0 |a Livre des directives et remarques /  |c Ibn Sīnā (Avicenne) ; traduction avec introduction et notes par A.-M. Goichon. 
264 1 |a Paris :  |b J. Vrin,  |c 1951. 
300 |a 552 pages ;  |c 23 cm. 
490 0 |a Collection d'oeuvres arabes de l'UNESCO. 
500 |a Translation of : Ishārāt wa-al-tanbīhāt. 
504 |a Includes bibliographical references and indexes. 
650 0 |a Philosophy, Arab. 
700 1 |a Goichon, A. M.  |q (Amélie Marie),  |d 1894-1977.  |9 30876 
880 1 0 |6 240-02/(3/r  |a إشارات و تنبيهات.‪‪‪‪‪‪‪‪‪‪  |l French 
901 |a reviewed 
942 |c BK  |2 lcc 
999 |c 4149  |d 4149